Malays:a cultural history (Record no. 417426)

000 -LEADER
fixed length control field 00349cam a22001217a 4500
008 - FIXED-LENGTH DATA ELEMENTS--GENERAL INFORMATION
fixed length control field 180718b1947 xxu||||| |||| 00| 0 eng d
082 ## - DEWEY DECIMAL CLASSIFICATION NUMBER
Classification number B11x595 W733
100 ## - MAIN ENTRY--PERSONAL NAME
Personal name Winstedt, Richard
245 ## - TITLE STATEMENT
Title Malays:a cultural history
Statement of responsibility, etc. by Richard Winstedt
260 ## - PUBLICATION, DISTRIBUTION, ETC.
Place of publication, distribution, etc. London
Name of publisher, distributor, etc. Routledge & Kegan Paul
Date of publication, distribution, etc. 1947
300 ## - PHYSICAL DESCRIPTION
Extent v,198p
650 ## - SUBJECT ADDED ENTRY--TOPICAL TERM
Topical term or geographic name entry element Malays (Asian people)
Holdings
Withdrawn status Lost status Damaged status Not for loan Permanent Location Current Location Date acquired Full call number Barcode Date last seen Price effective from Koha item type
        Indian Institute of Public Administration Indian Institute of Public Administration 2009-03-25 B11x595 W733 11138 2018-07-21 2018-07-21 Book

Powered by Koha